| 000 | 00380pam a2200157a 44500 | ||
|---|---|---|---|
| 008 | 230515b1987 xxu||||| |||| 00| 0 eng d | ||
| 020 | _aNULL | ||
| 041 | _aENGLISH | ||
| 082 | _a005.7565/ PRA. | ||
| 100 | _aPRAGUE C. N. / HAMMITT J. E. | ||
| 245 | _aTHE DBASEIII PROGRAMMING HANDBOOK | ||
| 250 | _aNULL | ||
| 260 |
_aNULL _bC.B.S _c1987 |
||
| 300 | _a229 PB | ||
| 650 | _aNULL | ||
| 999 |
_c617899 _d617899 |
||